5HLuxD.jpg

KING HENRY VIII SENIOR AND PRIMARY SCHOOL LIBRARY OPAC

Lyrical Composition: (Record no. 3237)

000 -LEADER
fixed length control field 00506nam a22001817a 4500
005 - DATE AND TIME OF LATEST TRANSACTION
control field 20231108091415.0
008 - FIXED-LENGTH DATA ELEMENTS--GENERAL INFORMATION
fixed length control field 231108b ||||| |||| 00| 0 eng d
020 ## - INTERNATIONAL STANDARD BOOK NUMBER
International Standard Book Number 9787571814236.
040 ## - CATALOGING SOURCE
Transcribing agency KH8
082 ## - DEWEY DECIMAL CLASSIFICATION NUMBER
Classification number 495.186 LIU
100 ## - MAIN ENTRY--PERSONAL NAME
Personal name Liu Wei
Relator term Compiler
245 ## - TITLE STATEMENT
Title Lyrical Composition:
Remainder of title Primary School Student /
Statement of responsibility, etc. Liu Wei
260 ## - PUBLICATION, DISTRIBUTION, ETC.
Place of publication, distribution, etc. Shijazhuang:
Name of publisher, distributor, etc. Hebei Publishing Media Group,
Date of publication, distribution, etc. 2021
300 ## - PHYSICAL DESCRIPTION
Extent 90 pages,
Dimensions 21cm.
650 ## - SUBJECT ADDED ENTRY--TOPICAL TERM
Topical term or geographic name entry element Chinese
650 ## - SUBJECT ADDED ENTRY--TOPICAL TERM
Topical term or geographic name entry element References book
942 ## - ADDED ENTRY ELEMENTS (KOHA)
Source of classification or shelving scheme
Koha item type Teaching Resources
Holdings
Withdrawn status Lost status Source of classification or shelving scheme Damaged status Not for loan Collection code Permanent Location Current Location Shelving location Date acquired Full call number Barcode Date last seen Price effective from Koha item type
          Teaching Resources KH8 Primary School Library KH8 Primary School Library Staff Office 2023-11-08 495.186 LIU TRKHPL000004352 2025-06-09 2023-11-08 Teaching Resources

Powered By KH8 IT Dept